|
|
|
|
| LEADER |
00000naa2a2200000 4500 |
| 001 |
603623 |
| 005 |
20260204105207.0 |
| 035 |
|
|
|a (RuTPU)RU\TPU\conf\819
|
| 035 |
|
|
|a RU\TPU\conf\816
|
| 090 |
|
|
|a 603623
|
| 100 |
|
|
|a 20140129d2013 k y0rusy50 ca
|
| 101 |
0 |
|
|a rus
|
| 102 |
|
|
|a RU
|
| 135 |
|
|
|a drcn ---uucaa
|
| 181 |
|
0 |
|a i
|
| 182 |
|
0 |
|a b
|
| 200 |
1 |
|
|a Структура и механические свойсва субмикрокристаллического сплава ZR-1NB
|d Structure and mechanical properties of SMC Zr-1Nb alloy
|f К. А. Просолов, Г. П. Грабовецкая, Е. Н. Степанова
|g науч. рук. Г. П. Грабовецкая
|
| 203 |
|
|
|a Текст
|c электронный
|
| 215 |
|
|
|a 1 файл(669 Кб)
|
| 225 |
1 |
|
|a Физика
|
| 300 |
|
|
|a Заглавие с экрана
|
| 320 |
|
|
|a [Библиогр.: с. 173 (3 назв.)]
|
| 330 |
|
|
|a That work tells about smc structure formation in Zr-1Nb alloy by comprehensive pressing. In the process of exploration was used morphology analysis of surface of material and X-ray analysis. Also were learned new mechanical characteristics of material.
|
| 337 |
|
|
|a Adobe Reader
|
| 463 |
|
1 |
|0 (RuTPU)RU\TPU\conf\715
|t Перспективы развития фундаментальных наук
|l Prospects of fundamental sciences development
|o сборник научных трудов X Международной конференция студентов и молодых ученых, г. Томск, 23-26 апреля 2013 г.
|f Национальный исследовательский Томский политехнический университет (ТПУ) ; под ред. Е. А. Вайтулевич и др.
|v [С. 171-173]
|d 2013
|
| 510 |
1 |
|
|a Structure and mechanical properties of SMC Zr-1Nb alloy
|z eng
|
| 610 |
1 |
|
|a электронный ресурс
|
| 610 |
1 |
|
|a труды учёных ТПУ
|
| 610 |
1 |
|
|a структура
|
| 610 |
1 |
|
|a механические свойства
|
| 610 |
1 |
|
|a субмикрокристаллические сплавы
|
| 700 |
|
1 |
|a Просолов
|b К. А.
|c физик
|c младший научный сотрудник Томского политехнического университета
|f 1991-
|g Константин Александрович
|3 (RuTPU)RU\TPU\pers\47152
|
| 701 |
|
1 |
|a Грабовецкая
|b Г. П.
|g Галина Петровна
|
| 701 |
|
1 |
|a Степанова
|b Е. Н.
|c физик
|c доцент Томского политехнического университета, кандидат технических наук
|f 1981-
|g Екатерина Николаевна
|3 (RuTPU)RU\TPU\pers\26277
|9 12050
|
| 702 |
|
1 |
|a Грабовецкая
|b Г. П.
|4 727
|
| 712 |
0 |
2 |
|a Национальный исследовательский Томский политехнический университет (ТПУ)
|b Физико-технический институт (ФТИ)
|b Кафедра общей физики (ОФ)
|3 (RuTPU)RU\TPU\col\18734
|
| 801 |
|
1 |
|a RU
|b 63413507
|c 20101016
|
| 801 |
|
2 |
|a RU
|b 63413507
|c 20230323
|g RCR
|
| 856 |
4 |
|
|u http://www.lib.tpu.ru/fulltext/c/2013/C21/054.pdf
|
| 942 |
|
|
|c CF
|